| 000 | 00614nam a22001937a 4500 | ||
|---|---|---|---|
| 005 | 20251108164041.0 | ||
| 008 | 250721s1992 xx 000 0 ara d | ||
| 082 | 1 | 4 | _a216,8/دني |
| 100 | 1 | _aإبن أبي الدنيا، أبو بكر عبد الله بن محمد | |
| 245 | 1 | 0 | _aذم المسكر ومعه ذم البغي / |
| 264 | 1 |
_aالقاهرة : _bمكتبة القرآن، _c1992. |
|
| 300 | _a112ص | ||
| 650 | 1 | 7 | _aالإسلام |
| 650 | 1 | 7 | _aالفقه |
| 650 | 1 | 7 | _aالعقوبات |
| 700 | 1 |
_aالسعدني، مسعد عبد الحميد _eتحقيق |
|
| 942 |
_2ddc _cBK |
||
| 999 |
_c2360 _d2360 |
||